Central Library OPAC University of Rajshahi

প্রাচ্যে পুরাতন নারী / (Record no. 39754)

MARC details
000 -LEADER
fixed length control field 00901nam a2200229 a 4500
001 - CONTROL NUMBER
control field 39754
003 - CONTROL NUMBER IDENTIFIER
rucl marc code BD-RjUL
005 - DATE AND TIME OF LATEST TRANSACTION
control field 20211209053043.0
008 - FIXED-LENGTH DATA ELEMENTS--GENERAL INFORMATION
fixed length control field 160417s2013 bg a|||| |||| 00| 0 ben d
020 ## - INTERNATIONAL STANDARD BOOK NUMBER
International Standard Book Number 9789848796337
Terms of availability : TK 450.00
035 ## - SYSTEM CONTROL NUMBER
System control number (BD-RjUL)39867
040 ## - CATALOGING SOURCE
Original cataloging agency BD-RjUL
Language of cataloging ben
Transcribing agency BD-RjUL
041 ## - LANGUAGE CODE
Language code of text/sound track or separate title ben
082 ## - DEWEY DECIMAL CLASSIFICATION NUMBER
Edition number 23
Classification number 305.42054
Author mark and year BAP 2013
100 ## - MAIN ENTRY--PERSONAL NAME
Personal name বসু, পূরবী
9 (RLIN) 122451
245 10 - TITLE STATEMENT
Title প্রাচ্যে পুরাতন নারী /
Statement of responsibility, etc. পূরবী বসু
260 ## - PUBLICATION, DISTRIBUTION, ETC. (IMPRINT)
Place of publication, distribution, etc. ঢাকা :
Name of publisher, distributor, etc. অবসর প্রকাশনা সংস্থা,
Date of publication, distribution, etc. ২০১৩
300 ## - PHYSICAL DESCRIPTION
Pagination ২৮৮ পৃ. :
Illustrations চিত্র ;
Size ২২ সেমি.
650 ## - SUBJECT ADDED ENTRY--TOPICAL TERM
Topical term or geographic name as entry element নারী
Form subdivision সামাজিক অবস্থা
Geographic subdivision দক্ষিণ এশিয়া
9 (RLIN) 122452
Topical term or geographic name as entry element women
Form subdivision Social condition
Geographic subdivision South Asia
9 (RLIN) 122453
942 ## - ADDED ENTRY ELEMENTS (KOHA)
Source of classification or shelving scheme Dewey Decimal Classification
Koha item type Books
Holdings
Lost status Source of classification or shelving scheme Damaged status Not for loan Collection code Permanent Location Current Location Shelving location Date acquired Source of acquisition Cost, normal purchase price Total Checkouts Full call number Date last seen Copy number Koha item type
  Dewey Decimal Classification   Not For Loan Non-fiction Central Library, University of Rajshahi Central Library, University of Rajshahi Reading Room 10/02/2016 Rajshahi:Viddyasagar 450.00   B 305.42054 BAP 2013 17/04/2016 C-1 Books
  Dewey Decimal Classification     Non-fiction Central Library, University of Rajshahi Central Library, University of Rajshahi   10/02/2016 Rajshahi:Viddyasagar 450.00   B 305.42054 BAP 2013 17/04/2016 C-2 Books